[Event "Bundesliga 9697"]
[Site "Deutschland"]
[Date "1997.??.??"]
[Round "?.5"]
[White "Volke, Karsten"]
[Black "Lauber, Arnd"]
[Result "1/2-1/2"]
[WhiteElo "2465"]
[BlackElo "2360"]
[PlyCount "68"]
[EventDate "1996.10.??"]
[EventType "team"]
[EventRounds "15"]
[EventCountry "GER"]
[SourceTitle "Bundesliga 9697"]
[Source "DeepChess"]
[SourceDate "2005.01.01"]
[SourceVersion "1"]
[SourceVersionDate "2005.01.01"]
[SourceQuality "1"]
[WhiteTeam "SV Empor Berlin e.V."]
[BlackTeam "Delmenhorster SK 1931"]
[WhiteTeamCountry "GER"]
[BlackTeamCountry "GER"]

1. d4 Nf6 2. c4 e6 3. Nf3 b6 4. e3 Bb4+ 5. Nbd2 Bb7 6. a3 Bxd2+ 7. Bxd2 O-O 8.
Be2 Ne4 9. O-O f5 10. Be1 d6 11. d5 e5 12. Nd2 Nf6 13. Qc2 g6 14. f3 Nbd7 15.
Bh4 Qe7 16. g4 f4 17. e4 Qg7 18. b4 g5 19. Bf2 h5 20. h3 c5 21. dxc6 Bxc6 22.
Qd3 Ne8 23. Rac1 Ndf6 24. Nb1 hxg4 25. hxg4 Qh7 26. Nc3 Qh3 27. Be1 Rf7 28. Rf2
Rh7 29. Rg2 Rd8 30. Rc2 Qh1+ 31. Kf2 Qh4+ 32. Kf1 Qh1+ 33. Kf2 Qh4+ 34. Kf1
Qh1+ 1/2-1/2

[Event "Bundesliga 9697"]
[Site "Deutschland"]
[Date "1997.??.??"]
[Round "?.6"]
[White "Reefschlaeger, Helmut"]
[Black "Poldauf, Dirk"]
[Result "0-1"]
[WhiteElo "2335"]
[BlackElo "2470"]
[PlyCount "76"]
[EventDate "1996.10.??"]
[EventType "team"]
[EventRounds "15"]
[EventCountry "GER"]
[SourceTitle "Bundesliga 9697"]
[Source "DeepChess"]
[SourceDate "2005.01.01"]
[SourceVersion "1"]
[SourceVersionDate "2005.01.01"]
[SourceQuality "1"]
[WhiteTeam "Delmenhorster SK 1931"]
[BlackTeam "SV Empor Berlin e.V."]
[WhiteTeamCountry "GER"]
[BlackTeamCountry "GER"]

1. e4 e6 2. g3 d5 3. Nc3 Nf6 4. e5 Nfd7 5. f4 c5 6. Bg2 Nc6 7. Nf3 Be7 8. O-O
O-O 9. d3 Rb8 10. a4 a6 11. Qe2 b5 12. axb5 axb5 13. f5 b4 14. fxe6 bxc3 15.
exf7+ Rxf7 16. e6 Rxf3 17. Qxf3 Nde5 18. Qxd5 Qxd5 19. Bxd5 cxb2 20. Bxb2 Rxb2
21. Ra8 Rb8 22. Rfa1 Kf8 23. c3 Bd6 24. Rf1+ Ke7 25. Rxb8 Bxb8 26. Bxc6 Nxc6
27. Rf7+ Kxe6 28. Rxg7 Be5 29. Rxh7 Bxc3 30. Rc7 Bd7 31. Kf2 Kd6 32. Rb7 Nb4
33. h4 Bd4+ 34. Ke2 Bf5 35. Kd2 Nxd3 36. g4 Be4 37. Rb6+ Kd5 38. g5 c4 0-1

[Event "Bundesliga 9697"]
[Site "Deutschland"]
[Date "1997.??.??"]
[Round "?.7"]
[White "Muse, Mladen"]
[Black "Hermann, Manfred"]
[Result "1-0"]
[WhiteElo "2445"]
[BlackElo "2370"]
[PlyCount "67"]
[EventDate "1996.10.??"]
[EventType "team"]
[EventRounds "15"]
[EventCountry "GER"]
[SourceTitle "Bundesliga 9697"]
[Source "DeepChess"]
[SourceDate "2005.01.01"]
[SourceVersion "1"]
[SourceVersionDate "2005.01.01"]
[SourceQuality "1"]
[WhiteTeam "SV Empor Berlin e.V."]
[BlackTeam "Delmenhorster SK 1931"]
[WhiteTeamCountry "GER"]
[BlackTeamCountry "GER"]

1. d4 d5 2. Bg5 c6 3. e3 Qb6 4. b3 Bf5 5. Bd3 Bxd3 6. Qxd3 e6 7. Nf3 Nd7 8. O-O
Be7 9. Bf4 Ngf6 10. c4 Ne4 11. Nfd2 Nxd2 12. Nxd2 O-O 13. b4 dxc4 14. Nxc4 Qd8
15. Na5 Qb6 16. Rab1 a6 17. e4 Rfd8 18. Rfd1 e5 19. Nc4 Qxd4 20. Qc2 Qa7 21.
Be3 Qb8 22. Bb6 Nxb6 23. Nxb6 Ra7 24. a4 a5 25. b5 Rxd1+ 26. Rxd1 Qe8 27. Rd7
cxb5 28. Rc7 Bf8 29. Rc8 Qe7 30. Nd5 Qa3 31. g3 h6 32. Qc7 Kh7 33. Qxf7 b4 34.
Nf6+ 1-0

[Event "Bundesliga 9697"]
[Site "Deutschland"]
[Date "1996.??.??"]
[Round "?.2"]
[White "Stohl, Igor"]
[Black "Casper, Thomas"]
[Result "1/2-1/2"]
[WhiteElo "2560"]
[BlackElo "2405"]
[PlyCount "61"]
[EventDate "1996.10.??"]
[EventType "team"]
[EventRounds "15"]
[EventCountry "GER"]
[SourceTitle "Bundesliga 9697"]
[Source "DeepChess"]
[SourceDate "2005.01.01"]
[SourceVersion "1"]
[SourceVersionDate "2005.01.01"]
[SourceQuality "1"]
[WhiteTeam "Delmenhorster SK 1931"]
[BlackTeam "SV Erfurt West 90"]
[WhiteTeamCountry "GER"]
[BlackTeamCountry "GER"]

1. d4 Nf6 2. c4 d6 3. Nf3 Nbd7 4. Nc3 e5 5. e4 Be7 6. Be2 O-O 7. O-O c6 8. Be3
Re8 9. d5 c5 10. Ne1 h6 11. Nd3 Nh7 12. f3 Bg5 13. Bf2 Nb6 14. b3 f5 15. exf5
Bxf5 16. Ne4 Rf8 17. Qc2 Qc7 18. Nb2 Bxe4 19. Qxe4 Rae8 20. Bd3 Nf6 21. Qe2 e4
22. Bxe4 Nxe4 23. fxe4 Bf6 24. Bg3 Bd4+ 25. Kh1 Nd7 26. Rxf8+ Nxf8 27. Re1 Bc3
28. Rb1 Nh7 29. Nd1 Bd4 30. Bf2 Bf6 31. Ne3 1/2-1/2

[Event "Bundesliga 9697"]
[Site "Deutschland"]
[Date "1996.??.??"]
[Round "?.3"]
[White "Kuczynski, Robert"]
[Black "Breutigam, Martin"]
[Result "1-0"]
[WhiteElo "2510"]
[BlackElo "2380"]
[PlyCount "106"]
[EventDate "1996.10.??"]
[EventType "team"]
[EventRounds "15"]
[EventCountry "GER"]
[SourceTitle "Bundesliga 9697"]
[Source "DeepChess"]
[SourceDate "2005.01.01"]
[SourceVersion "1"]
[SourceVersionDate "2005.01.01"]
[SourceQuality "1"]
[WhiteTeam "SV Erfurt West 90"]
[BlackTeam "Delmenhorster SK 1931"]
[WhiteTeamCountry "GER"]
[BlackTeamCountry "GER"]

1. e4 e5 2. Nf3 Nc6 3. Bc4 Nf6 4. d3 d5 5. exd5 Nxd5 6. O-O Be7 7. Re1 Nb6 8.
Bb3 Bg4 9. h3 Bh5 10. g4 Bg6 11. Nxe5 Nxe5 12. Rxe5 O-O 13. Nc3 Kh8 14. Bd2 Bd6
15. Re2 f5 16. Qf1 Be8 17. gxf5 Bh5 18. Be6 Bxe2 19. Qxe2 Nd7 20. Ne4 Be7 21.
Bc3 Bf6 22. Nxf6 Nxf6 23. Kh1 c5 24. Rg1 b5 25. Qf3 Qe7 26. Be5 Rad8 27. Qc6 b4
28. b3 Rfe8 29. Rg3 h6 30. Kh2 Rf8 31. Rg6 a5 32. Qc7 Qxc7 33. Bxc7 Rd4 34. Be5
Rdd8 35. Kg2 Kh7 36. Bc7 Rd4 37. Kf3 Nd7 38. Rg4 Rc8 39. Bg3 Rxg4 40. hxg4 Rd8
41. Bc7 Rc8 42. Bd6 Rc6 43. Be7 Nf6 44. Kg3 Ne8 45. f4 Nd6 46. g5 hxg5 47. fxg5
Ne8 48. Kf4 Nc7 49. Bc4 Ne8 50. Ke5 Rc8 51. f6 gxf6+ 52. gxf6 Nxf6 53. Kxf6 Kh6
1-0

[Event "Bundesliga 9697"]
[Site "Deutschland"]
[Date "1996.??.??"]
[Round "?.4"]
[White "Beckemeier, Werner"]
[Black "Voekler, Bernd"]
[Result "1-0"]
[WhiteElo "2365"]
[BlackElo "2385"]
[PlyCount "69"]
[EventDate "1996.10.??"]
[EventType "team"]
[EventRounds "15"]
[EventCountry "GER"]
[SourceTitle "Bundesliga 9697"]
[Source "DeepChess"]
[SourceDate "2005.01.01"]
[SourceVersion "1"]
[SourceVersionDate "2005.01.01"]
[SourceQuality "1"]
[WhiteTeam "Delmenhorster SK 1931"]
[BlackTeam "SV Erfurt West 90"]
[WhiteTeamCountry "GER"]
[BlackTeamCountry "GER"]

1. e4 e6 2. d4 d5 3. Nd2 c5 4. Ngf3 cxd4 5. Nxd4 a6 6. e5 Nc6 7. Nxc6 bxc6 8.
Bd3 f5 9. O-O Nh6 10. c4 Nf7 11. cxd5 cxd5 12. Nf3 Be7 13. Be3 O-O 14. Rc1 g5
15. Re1 Bd7 16. Bb1 Qb8 17. g4 Qb7 18. gxf5 exf5 19. e6 Bxe6 20. Nd4 Nd8 21.
Bd2 Rf6 22. Ba5 Qd7 23. Rc7 Qd6 24. Bxf5 Bxf5 25. Rexe7 Bg6 26. Qe2 Nf7 27.
Rcd7 Qf4 28. Re8+ Rxe8 29. Qxe8+ Kg7 30. Ne6+ Rxe6 31. Qxe6 Qf3 32. h3 Qd1+ 33.
Kh2 Qf1 34. Bc3+ Kh6 35. Rxf7 1-0

[Event "Bundesliga 9697"]
[Site "Deutschland"]
[Date "1996.??.??"]
[Round "?.6"]
[White "Hermann, Manfred"]
[Black "Troyke, Christian"]
[Result "1-0"]
[WhiteElo "2370"]
[BlackElo "2360"]
[PlyCount "81"]
[EventDate "1996.10.??"]
[EventType "team"]
[EventRounds "15"]
[EventCountry "GER"]
[SourceTitle "Bundesliga 9697"]
[Source "DeepChess"]
[SourceDate "2005.01.01"]
[SourceVersion "1"]
[SourceVersionDate "2005.01.01"]
[SourceQuality "1"]
[WhiteTeam "Delmenhorster SK 1931"]
[BlackTeam "SV Erfurt West 90"]
[WhiteTeamCountry "GER"]
[BlackTeamCountry "GER"]

1. e4 c5 2. c3 d6 3. d4 Nf6 4. Bd3 cxd4 5. cxd4 g6 6. h3 Bg7 7. Nf3 O-O 8. Nc3
Nc6 9. Be3 e5 10. dxe5 dxe5 11. Bb5 Bd7 12. O-O a6 13. Ba4 b5 14. Bb3 Qe7 15.
Bg5 Qe8 16. Qd6 Be6 17. Bxf6 Bxf6 18. Nd5 Bd8 19. Rac1 Rc8 20. Nxe5 Nxe5 21.
Qxe5 Rc6 22. Rfd1 Rxc1 23. Rxc1 Qd7 24. Rd1 Qb7 25. Rc1 Qd7 26. Qc3 Bg5 27. Qc6
Qa7 28. Qc5 Qb7 29. Rd1 Rc8 30. Qd4 a5 31. Qe5 Bd8 32. Ne3 Bc7 33. Qf6 Qxe4 34.
Ng4 h5 35. Nh6+ Kh7 36. Nxf7 Bxb3 37. Ng5+ Kh6 38. Nxe4 Bxd1 39. Qg5+ Kg7 40.
Qe7+ Kh6 41. Qd7 1-0

[Event "Bundesliga 9697"]
[Site "Deutschland"]
[Date "1996.??.??"]
[Round "?.7"]
[White "Brueggemann, Joachim"]
[Black "Jugelt, Tobias"]
[Result "1/2-1/2"]
[WhiteElo "2285"]
[BlackElo "2375"]
[PlyCount "76"]
[EventDate "1996.10.??"]
[EventType "team"]
[EventRounds "15"]
[EventCountry "GER"]
[SourceTitle "Bundesliga 9697"]
[Source "DeepChess"]
[SourceDate "2005.01.01"]
[SourceVersion "1"]
[SourceVersionDate "2005.01.01"]
[SourceQuality "1"]
[WhiteTeam "SV Erfurt West 90"]
[BlackTeam "Delmenhorster SK 1931"]
[WhiteTeamCountry "GER"]
[BlackTeamCountry "GER"]

1. e4 c6 2. d4 g6 3. Nc3 d5 4. h3 dxe4 5. Nxe4 Bg7 6. Nf3 Nf6 7. Nxf6+ Bxf6 8.
Bc4 c5 9. O-O cxd4 10. Bh6 Qc7 11. Bb5+ Bd7 12. Nxd4 Nc6 13. Nxc6 Bxc6 14.
Bxc6+ Qxc6 15. Qd2 Rg8 16. Rad1 g5 17. f4 g4 18. hxg4 Rxg4 19. Rf3 Bxb2 20. c3
Ba3 21. Rd3 Bc5+ 22. Kf1 Bb6 23. Bg5 Qc5 24. Rd4 Qf5 25. Rd5 Qe4 26. Re5 Qc4+
27. Qd3 Qxd3+ 28. Rxd3 f6 29. Bxf6 Rxf4+ 30. Rf3 Rxf3+ 31. gxf3 Bd8 32. Bh8 Kf7
33. Rf5+ Kg8 34. Bd4 e6 35. Re5 Kf7 36. Rh5 Kg6 37. Re5 Kf7 38. Rh5 Kg6 1/2-1/2

[Event "Bundesliga 9697"]
[Site "Deutschland"]
[Date "1996.??.??"]
[Round "?.8"]
[White "Schlemermeyer, Wilhelm"]
[Black "Fuhrmann, Daniel"]
[Result "0-1"]
[WhiteElo "2310"]
[BlackElo "2265"]
[PlyCount "80"]
[EventDate "1996.10.??"]
[EventType "team"]
[EventRounds "15"]
[EventCountry "GER"]
[SourceTitle "Bundesliga 9697"]
[Source "DeepChess"]
[SourceDate "2005.01.01"]
[SourceVersion "1"]
[SourceVersionDate "2005.01.01"]
[SourceQuality "1"]
[WhiteTeam "Delmenhorster SK 1931"]
[BlackTeam "SV Erfurt West 90"]
[WhiteTeamCountry "GER"]
[BlackTeamCountry "GER"]

1. Nf3 c5 2. g3 g6 3. Bg2 Bg7 4. O-O Nc6 5. c3 Nf6 6. d3 O-O 7. Nbd2 d6 8. e4
Qc7 9. a4 b6 10. Nh4 Ba6 11. Qe2 Ne5 12. Nc4 Nfd7 13. f4 Nxc4 14. dxc4 Rad8 15.
Rd1 Nb8 16. Qd3 Nc6 17. b3 e6 18. Be3 d5 19. exd5 exd5 20. Bxd5 Ne7 21. Qc2
Nxd5 22. cxd5 Rfe8 23. Ng2 Bc8 24. Ra2 Bg4 25. Re1 Rxd5 26. Bf2 Rxe1+ 27. Bxe1
Rd8 28. Ne3 Bf3 29. Qf2 Bb7 30. Kf1 Re8 31. Re2 Qc6 32. Ng2 Re6 33. Bd2 Qd5 34.
Rxe6 fxe6 35. b4 Qd3+ 36. Ke1 cxb4 37. cxb4 Bd4 38. Qf1 Qe4+ 39. Kd1 Qxg2 40.
Qc4 Qd5 0-1

[Event "Bundesliga 9697"]
[Site "Deutschland"]
[Date "1997.??.??"]
[Round "?.2"]
[White "Stohl, Igor"]
[Black "Slobodjan, Roman"]
[Result "1-0"]
[WhiteElo "2580"]
[BlackElo "2520"]
[PlyCount "45"]
[EventDate "1996.10.??"]
[EventType "team"]
[EventRounds "15"]
[EventCountry "GER"]
[SourceTitle "Bundesliga 9697"]
[Source "DeepChess"]
[SourceDate "2005.01.01"]
[SourceVersion "1"]
[SourceVersionDate "2005.01.01"]
[SourceQuality "1"]
[WhiteTeam "Delmenhorster SK 1931"]
[BlackTeam "USC Magdeburg"]
[WhiteTeamCountry "GER"]
[BlackTeamCountry "GER"]

1. d4 d5 2. c4 e6 3. Nf3 Nf6 4. Nc3 dxc4 5. Qa4+ Nbd7 6. e4 a6 7. Bxc4 c6 8.
Qd1 b5 9. Bd3 b4 10. Ne2 c5 11. O-O Bb7 12. d5 exd5 13. e5 Ne4 14. Nf4 Nb6 15.
e6 Bd6 16. Bxe4 dxe4 17. Ng5 Bxf4 18. Bxf4 Qxd1 19. exf7+ Ke7 20. Rfxd1 Rad8
21. Rxd8 Rxd8 22. Bc7 Rd5 23. Bxb6 1-0

[Event "Bundesliga 9697"]
[Site "Deutschland"]
[Date "1997.??.??"]
[Round "?.3"]
[White "Rogozenko, Dorian"]
[Black "Breutigam, Martin"]
[Result "1/2-1/2"]
[WhiteElo "2530"]
[BlackElo "2380"]
[PlyCount "45"]
[EventDate "1996.10.??"]
[EventType "team"]
[EventRounds "15"]
[EventCountry "GER"]
[SourceTitle "Bundesliga 9697"]
[Source "DeepChess"]
[SourceDate "2005.01.01"]
[SourceVersion "1"]
[SourceVersionDate "2005.01.01"]
[SourceQuality "1"]
[WhiteTeam "USC Magdeburg"]
[BlackTeam "Delmenhorster SK 1931"]
[WhiteTeamCountry "GER"]
[BlackTeamCountry "GER"]

1. d4 d5 2. c4 e6 3. Nc3 c5 4. cxd5 exd5 5. Nf3 Nc6 6. g3 Nf6 7. Bg2 Be7 8. O-O
O-O 9. Bg5 cxd4 10. Nxd4 h6 11. Be3 Re8 12. Qc2 Bg4 13. h3 Be6 14. Rad1 Qd7 15.
Nxe6 fxe6 16. f4 Bb4 17. a3 Bxc3 18. Qxc3 Rac8 19. Qb3 Kh8 20. g4 Qf7 21. Qd3
Rcd8 22. Bd4 Nxd4 23. Qxd4 1/2-1/2

[Event "Bundesliga 9697"]
[Site "Deutschland"]
[Date "1997.??.??"]
[Round "?.4"]
[White "Beckemeier, Werner"]
[Black "Naumann, Alexander"]
[Result "1/2-1/2"]
[WhiteElo "2365"]
[BlackElo "2380"]
[PlyCount "81"]
[EventDate "1996.10.??"]
[EventType "team"]
[EventRounds "15"]
[EventCountry "GER"]
[SourceTitle "Bundesliga 9697"]
[Source "DeepChess"]
[SourceDate "2005.01.01"]
[SourceVersion "1"]
[SourceVersionDate "2005.01.01"]
[SourceQuality "1"]
[WhiteTeam "Delmenhorster SK 1931"]
[BlackTeam "USC Magdeburg"]
[WhiteTeamCountry "GER"]
[BlackTeamCountry "GER"]

1. e4 c5 2. c3 Nf6 3. e5 Nd5 4. d4 cxd4 5. Nf3 Nc6 6. Bc4 Nb6 7. Bb3 g6 8. Ng5
d5 9. exd6 e6 10. Qf3 Ne5 11. Qg3 Bg7 12. cxd4 Nc6 13. Ne4 h6 14. Be3 Nxd4 15.
Bxd4 Bxd4 16. Nbc3 Bd7 17. Rd1 Bg7 18. h4 O-O 19. h5 g5 20. f4 gxf4 21. Qxf4
Rc8 22. O-O Bc6 23. Rd3 Kh8 24. d7 Nxd7 25. Nd6 Qg5 26. Qxg5 hxg5 27. Nxc8 Rxc8
28. Rxf7 Ne5 29. Rxg7 Kxg7 30. Rd6 Re8 31. Bxe6 Rh8 32. Bd5 Rxh5 33. Bxc6 bxc6
34. Ne4 g4 35. Kf2 a5 36. b3 Rh1 37. Kg3 Re1 38. Rd4 Re2 39. Nf2 Rxa2 40. Nxg4
c5 41. Re4 1/2-1/2

[Event "Bundesliga 9697"]
[Site "Deutschland"]
[Date "1997.??.??"]
[Round "?.5"]
[White "Proehl, Holger"]
[Black "Hermann, Manfred"]
[Result "1/2-1/2"]
[WhiteElo "2395"]
[BlackElo "2370"]
[PlyCount "91"]
[EventDate "1996.10.??"]
[EventType "team"]
[EventRounds "15"]
[EventCountry "GER"]
[SourceTitle "Bundesliga 9697"]
[Source "DeepChess"]
[SourceDate "2005.01.01"]
[SourceVersion "1"]
[SourceVersionDate "2005.01.01"]
[SourceQuality "1"]
[WhiteTeam "USC Magdeburg"]
[BlackTeam "Delmenhorster SK 1931"]
[WhiteTeamCountry "GER"]
[BlackTeamCountry "GER"]

1. e4 e5 2. Nc3 Nf6 3. g3 d5 4. exd5 Nxd5 5. Bg2 Nxc3 6. bxc3 Bc5 7. Ne2 Nc6 8.
O-O O-O 9. Rb1 Be6 10. Rxb7 Bd5 11. Rb2 Bxg2 12. Kxg2 Qd5+ 13. f3 Ba3 14. Rb3
Bxc1 15. Qxc1 Na5 16. Rb4 c5 17. Rb5 Nc4 18. d3 Nd6 19. Ra5 Nb7 20. Ra4 Nd6 21.
Qa3 Nf5 22. Kf2 Qc6 23. Ra6 Qb7 24. Qa4 Rfc8 25. c4 Qe7 26. Qa3 h5 27. h4 Qd7
28. Qc1 Rab8 29. Ra3 Rb6 30. Rb3 Nd4 31. Nxd4 exd4 32. Rxb6 axb6 33. Kg2 Ra8
34. Qb2 Qe6 35. Rf2 Re8 36. c3 dxc3 37. Qxc3 Rd8 38. Qc2 Qf5 39. Rd2 Rd6 40.
Qd1 Qe5 41. Qf1 Rg6 42. Qf2 Qf4 43. Rb2 Qd6 44. Rd2 Qf4 45. Rb2 Qd6 46. Rd2
1/2-1/2

[Event "Bundesliga 9697"]
[Site "Deutschland"]
[Date "1997.??.??"]
[Round "?.6"]
[White "Jugelt, Tobias"]
[Black "Stolz, Mike"]
[Result "1/2-1/2"]
[WhiteElo "2375"]
[BlackElo "2280"]
[PlyCount "138"]
[EventDate "1996.10.??"]
[EventType "team"]
[EventRounds "15"]
[EventCountry "GER"]
[SourceTitle "Bundesliga 9697"]
[Source "DeepChess"]
[SourceDate "2005.01.01"]
[SourceVersion "1"]
[SourceVersionDate "2005.01.01"]
[SourceQuality "1"]
[WhiteTeam "Delmenhorster SK 1931"]
[BlackTeam "USC Magdeburg"]
[WhiteTeamCountry "GER"]
[BlackTeamCountry "GER"]

1. d4 Nf6 2. Bg5 e6 3. Nd2 d5 4. Ngf3 Be7 5. e3 c5 6. c3 Qb6 7. Rb1 Nc6 8. Bd3
O-O 9. O-O h6 10. Bh4 Bd7 11. Ne5 Be8 12. Kh1 Nd7 13. Nxd7 Bxd7 14. Bg3 Rfe8
15. f4 Bf6 16. Nf3 Ne7 17. Qe2 a6 18. b3 Rac8 19. Be1 g6 20. Ne5 Rc7 21. Nxd7
Rxd7 22. Bd2 Bg7 23. g4 Kh8 24. Rf3 Ng8 25. Rh3 f5 26. Rg1 Kh7 27. Qg2 Ne7 28.
Rg3 Rf8 29. h4 Rf7 30. h5 gxh5 31. gxf5 Nxf5 32. Rg6 Qd8 33. Rxe6 Qh4+ 34. Qh2
Qxh2+ 35. Kxh2 cxd4 36. exd4 Kh8 37. Re8+ Kh7 38. Rge1 Bh8 39. Kh3 Bg7 40. R1e6
Bh8 41. Bxf5+ Rxf5 42. R8e7+ Rf7 43. Rxd7 Rxd7 44. Kh4 Rg7 45. Kxh5 Rg2 46. Be1
Bg7 47. Bh4 Rxa2 48. f5 b5 49. f6 Bf8 50. Re5 a5 51. Rxd5 a4 52. Rxb5 a3 53.
Rb7+ Kg8 54. Ra7 Rg2 55. b4 a2 56. b5 Bd6 57. c4 Bb8 58. Ra8 Kf7 59. c5 Rh2 60.
Kg4 Rd2 61. Kh5 Rxd4 62. Rxa2 Rd5+ 63. Kg4 Rxc5 64. Rd2 h5+ 65. Kf3 Rxb5 66.
Rd7+ Kg6 67. Rg7+ Kh6 68. Rd7 Rf5+ 69. Kg2 Be5 1/2-1/2

[Event "Bundesliga 9697"]
[Site "Deutschland"]
[Date "1997.??.??"]
[Round "?.7"]
[White "Kapischka, Jens"]
[Black "Schlemermeyer, Wilhelm"]
[Result "1/2-1/2"]
[WhiteElo "2315"]
[BlackElo "2310"]
[PlyCount "62"]
[EventDate "1996.10.??"]
[EventType "team"]
[EventRounds "15"]
[EventCountry "GER"]
[SourceTitle "Bundesliga 9697"]
[Source "DeepChess"]
[SourceDate "2005.01.01"]
[SourceVersion "1"]
[SourceVersionDate "2005.01.01"]
[SourceQuality "1"]
[WhiteTeam "USC Magdeburg"]
[BlackTeam "Delmenhorster SK 1931"]
[WhiteTeamCountry "GER"]
[BlackTeamCountry "GER"]

1. Nf3 g6 2. g3 Bg7 3. d4 c5 4. c3 Na6 5. Bg2 Nf6 6. O-O O-O 7. Re1 d6 8. e4
Bg4 9. Nbd2 Qc8 10. Qb3 cxd4 11. cxd4 Be6 12. Qa4 Nd7 13. a3 Nb6 14. Qd1 Nc7
15. Bf1 Bg4 16. Qb3 Qd7 17. a4 Rab8 18. a5 Nba8 19. Be2 a6 20. Qe3 Nb5 21. Nb3
Rbc8 22. Bd2 Nac7 23. Qd3 Ne6 24. Be3 f5 25. Ng5 Bxe2 26. Rxe2 f4 27. Nxe6 f3
28. d5 fxe2 29. Nxf8 Qg4 30. Ne6 Bxb2 31. Re1 Rc3 1/2-1/2

[Event "Bundesliga 9697"]
[Site "Deutschland"]
[Date "1997.??.??"]
[Round "?.8"]
[White "Gisbrecht, Ewgeni"]
[Black "Darnstaedt, Frank"]
[Result "1-0"]
[WhiteElo "2405"]
[BlackElo "2295"]
[PlyCount "119"]
[EventDate "1996.10.??"]
[EventType "team"]
[EventRounds "15"]
[EventCountry "GER"]
[SourceTitle "Bundesliga 9697"]
[Source "DeepChess"]
[SourceDate "2005.01.01"]
[SourceVersion "1"]
[SourceVersionDate "2005.01.01"]
[SourceQuality "1"]
[WhiteTeam "Delmenhorster SK 1931"]
[BlackTeam "USC Magdeburg"]
[WhiteTeamCountry "GER"]
[BlackTeamCountry "GER"]

1. Nf3 Nf6 2. c4 g6 3. g3 Bg7 4. Bg2 O-O 5. O-O d5 6. cxd5 Nxd5 7. Nc3 Nb6 8.
d3 Nc6 9. Bd2 h6 10. Rb1 e5 11. b4 Be6 12. a4 Nd4 13. a5 Nd7 14. Na4 Nb5 15.
Qc1 Kh7 16. Nc5 Rb8 17. Nxe6 fxe6 18. Qd1 a6 19. Rc1 Qe7 20. Qb3 Qd6 21. Qc4 c6
22. Be3 Nd4 23. Rfe1 Rf7 24. Nd2 Nf6 25. Ne4 Qe7 26. Bxd4 exd4 27. Qxd4 Nd5 28.
Qc4 Nxb4 29. Rb1 Nd5 30. Bh3 Be5 31. Rf1 Bd6 32. Rb3 Bc7 33. Nc5 Rf6 34. Rxb7
Rxb7 35. Nxb7 Bxg3 36. hxg3 Qxb7 37. Qc5 Qb5 38. Rc1 e5 39. Bg2 Qb7 40. e4 Ne7
41. Qxe5 Rf7 42. Qc5 Qb2 43. Rf1 h5 44. Qc4 Kg7 45. Qxa6 h4 46. Qb6 Qa2 47.
Qd4+ Kg8 48. Ra1 Qc2 49. gxh4 c5 50. Qe3 Nc6 51. Rc1 Qb2 52. Rxc5 Ne5 53. Qg3
Ng4 54. Rc8+ Kg7 55. Qxg4 Qxf2+ 56. Kh2 Rf4 57. Rc7+ Kh8 58. Rc2 Qe3 59. Qg3 g5
60. Qxe3 1-0

[Event "Bundesliga 9697"]
[Site "Deutschland"]
[Date "1996.??.??"]
[Round "?.1"]
[White "Wahls, Matthias"]
[Black "Bologan, Viktor"]
[Result "1-0"]
[WhiteElo "2540"]
[BlackElo "2600"]
[PlyCount "87"]
[EventDate "1996.10.??"]
[EventType "team"]
[EventRounds "15"]
[EventCountry "GER"]
[SourceTitle "Bundesliga 9697"]
[Source "DeepChess"]
[SourceDate "2005.01.01"]
[SourceVersion "1"]
[SourceVersionDate "2005.01.01"]
[SourceQuality "1"]
[WhiteTeam "Hamburger SK 1830 e.V."]
[BlackTeam "Dresdner SC 1898"]
[WhiteTeamCountry "GER"]
[BlackTeamCountry "GER"]

1. e4 g6 2. d4 Bg7 3. Nc3 c6 4. f4 d5 5. e5 Nh6 6. Nf3 f6 7. h3 Nf5 8. Bd3 Ng3
9. Rg1 O-O 10. Be3 b5 11. Qd2 f5 12. O-O-O Nd7 13. Qe1 Ne4 14. g4 Nb6 15. Kb1
b4 16. Ne2 a5 17. Ng3 Kh8 18. gxf5 Bxf5 19. Nxf5 gxf5 20. Bxe4 dxe4 21. Qg3 Rf7
22. e6 exf3 23. exf7 Qf8 24. d5 Nxd5 25. Bd4 Bxd4 26. Rxd4 Qxf7 27. Qxf3 Qf6
28. Rc4 a4 29. a3 Rb8 30. axb4 Nxb4 31. Qc3 Qxc3 32. Rxc3 Nd5 33. Rc4 Ra8 34.
Ka2 h6 35. Rg6 Kh7 36. Rgxc6 Kg7 37. Ka3 Nf6 38. Rxa4 Rd8 39. Ra7 Kf7 40. Rcc7
Ng8 41. Rd7 Rc8 42. Rac7 Ra8+ 43. Ra7 Rc8 44. c3 1-0

[Event "Bundesliga 9697"]
[Site "Deutschland"]
[Date "1996.??.??"]
[Round "?.2"]
[White "Teske, Henrik"]
[Black "Ftacnik, Lubomir"]
[Result "1/2-1/2"]
[WhiteElo "2520"]
[BlackElo "2610"]
[PlyCount "95"]
[EventDate "1996.10.??"]
[EventType "team"]
[EventRounds "15"]
[EventCountry "GER"]
[SourceTitle "Bundesliga 9697"]
[Source "DeepChess"]
[SourceDate "2005.01.01"]
[SourceVersion "1"]
[SourceVersionDate "2005.01.01"]
[SourceQuality "1"]
[WhiteTeam "Dresdner SC 1898"]
[BlackTeam "Hamburger SK 1830 e.V."]
[WhiteTeamCountry "GER"]
[BlackTeamCountry "GER"]

1. d4 Nf6 2. Nf3 g6 3. g3 Bg7 4. Bg2 d5 5. O-O O-O 6. Nbd2 Na6 7. b3 c5 8. Bb2
b6 9. c4 Bb7 10. e3 e6 11. Qe2 Qe7 12. Rfd1 Rac8 13. Rac1 Rfd8 14. cxd5 exd5
15. Ne5 Nb4 16. a3 Ba6 17. Qe1 Na2 18. Ra1 cxd4 19. Rxa2 Qxe5 20. Bxd4 Qf5 21.
Nf3 Rc7 22. Be5 Rc5 23. Bd4 Rc7 24. Be5 Rc5 25. Bd4 Rc7 26. a4 Ne4 27. a5 Qc8
28. Rda1 Bxd4 29. Nxd4 Nc5 30. Qd1 b5 31. b4 Ne4 32. Rb2 Qd7 33. Rc1 Rxc1 34.
Qxc1 Rc8 35. Rc2 Rc4 36. Qb1 Qd6 37. Bxe4 dxe4 38. Rxc4 bxc4 39. Qxe4 Qxb4 40.
Qa8+ Kg7 41. Qxa7 Qb1+ 42. Kg2 Bb7+ 43. f3 Qb2+ 44. Kh3 Bc8+ 45. g4 Qf2 46. Qc5
Qf1+ 47. Kg3 Qg1+ 48. Kh3 1/2-1/2